[Event "V. Solinger Karnevals-Open"]
[Site "Solingen"]
[Date "2014.03.01"]
[Round "2.17"]
[White "Buss, Harald"]
[Black "Roth, Jan Paul"]
[Result "1/2-1/2"]
[WhiteElo "1945"]
[BlackElo "1432"]
[PlyCount "63"]
[EventDate "2014.??.??"]
[WhiteTeam "Schach Nienberge 2003"]
[BlackTeam "OSC Rheinhausen 04 e.V."]

1. e4 e6 2. d4 d5 3. exd5 exd5 4. Bd3 Bd6 5. Nc3 Ne7 6. Bg5 f6 7. Bd2 Nbc6 8.
Nxd5 Be6 9. Nxe7 Qxe7 10. Ne2 O-O 11. O-O Nb4 12. Bxb4 Bxb4 13. Nf4 Qd7 14. c3
Bd6 15. Nxe6 Qxe6 16. Qb3 Qxb3 17. axb3 c6 18. Bc4+ Kh8 19. Rfe1 a6 20. Re6
Rad8 21. b4 Rd7 22. Rae1 g6 23. g3 Kg7 24. Kf1 f5 25. Kg2 f4 26. f3 h5 27. Bd3
Rf6 28. Re8 fxg3 29. hxg3 Rdf7 30. Be4 g5 31. Re2 h4 32. gxh4 1/2-1/2

[Event "V. Solinger Karnevals-Open"]
[Site "Solingen"]
[Date "2014.03.01"]
[Round "2.18"]
[White "Hoffmann, Philipp"]
[Black "Kissing, Bastian"]
[Result "0-1"]
[WhiteElo "1914"]
[BlackElo "1563"]
[PlyCount "62"]
[EventDate "2014.??.??"]
[WhiteTeam "Schach Nienberge 2003"]
[BlackTeam "SC Tornado Wuppertal 199"]

1. e4 c5 2. d4 cxd4 3. c3 d5 4. exd5 Qxd5 5. Nf3 Nc6 6. cxd4 e6 7. Nc3 Bb4 8.
Bd3 Nf6 9. O-O Bxc3 10. bxc3 O-O 11. Re1 h6 12. Bf4 b5 13. a4 bxa4 14. Rxa4 a5
15. Ne5 Bb7 16. Bc4 Qd8 17. Qa1 Nd5 18. Bxd5 Qxd5 19. Nf3 Rfc8 20. Rb1 Qd7 21.
Qb2 Nb4 22. Ra3 Bxf3 23. cxb4 Be4 24. Re1 Rc2 25. Qa1 Qc6 26. f3 Bd5 27. bxa5
g5 28. Be5 Rc8 29. a6 Rd2 30. Rd1 Qc2 31. Rxd2 Qxd2 0-1

[Event "V. Solinger Karnevals-Open"]
[Site "Solingen"]
[Date "2014.03.01"]
[Round "2.19"]
[White "Cornelißen, Jonas"]
[Black "Vishanji, Adrian"]
[Result "0-1"]
[WhiteElo "1008"]
[BlackElo "1905"]
[PlyCount "62"]
[EventDate "2014.??.??"]
[WhiteTeam "SK Xanten e.V."]
[BlackTeam "SV Turm Drolshagen 04"]

1. e4 e6 2. d4 d5 3. exd5 exd5 4. Nf3 Nf6 5. h3 Be7 6. Bd3 O-O 7. O-O b6 8. Bf4
c5 9. c3 Nc6 10. Qc2 h6 11. Be5 Bd6 12. Nbd2 Re8 13. Rfe1 Bb7 14. Bxd6 Qxd6 15.
dxc5 bxc5 16. c4 Ba6 17. b3 Nb4 18. Qb1 Rxe1+ 19. Nxe1 Qe5 20. Ndf3 Qc3 21. a3
Nxd3 22. Nxd3 dxc4 23. bxc4 Qxc4 24. Nfe5 Qd4 25. Nc6 Qxd3 26. Qxd3 Bxd3 27.
Rc1 c4 28. f3 Nd5 29. Kf2 a6 30. Ne5 Re8 31. Nxc4 Rc8 0-1

[Event "V. Solinger Karnevals-Open"]
[Site "Solingen"]
[Date "2014.03.01"]
[Round "2.21"]
[White "Barche, Robert"]
[Black "Hoffmann, Frank"]
[Result "0-1"]
[WhiteElo "1370"]
[BlackElo "1843"]
[PlyCount "50"]
[EventDate "2014.??.??"]
[WhiteTeam "SG Solingen e.V."]
[BlackTeam "SV Springer 70 Hitdorf"]

1. c4 Nf6 2. Nc3 e6 3. g3 d5 4. Bg2 c6 5. b3 Be7 6. e3 Nbd7 7. d4 O-O 8. c5 b6
9. b4 a5 10. Ba3 axb4 11. Bxb4 bxc5 12. dxc5 Bxc5 13. Bxc5 Nxc5 14. Qd4 Nb3 15.
Qd1 Nxa1 16. Qxa1 Qa5 17. Nge2 Ba6 18. O-O Bxe2 19. Nxe2 Qxa2 20. Qxa2 Rxa2 21.
Nd4 c5 22. Nc6 g6 23. Rc1 c4 24. Rb1 c3 25. Nb4 Rb2 0-1

[Event "V. Solinger Karnevals-Open"]
[Site "Solingen"]
[Date "2014.03.01"]
[Round "2.22"]
[White "Meckel, Helmut"]
[Black "Barche, Uwe"]
[Result "1-0"]
[WhiteElo "1820"]
[BlackElo "1168"]
[PlyCount "41"]
[EventDate "2014.??.??"]
[WhiteTeam "SG Solingen e.V."]
[BlackTeam "SG Solingen e.V."]

1. e4 e6 2. d4 d5 3. Nc3 Nf6 4. Bg5 Be7 5. e5 Nfd7 6. h4 c5 7. Nb5 Qb6 8. Bxe7
Kxe7 9. Qg4 Kf8 10. O-O-O c4 11. Nd6 Nc6 12. Rh3 Ne7 13. Rf3 Nf5 14. Nh3 h6 15.
Nf4 Ke7 16. Nxd5+ exd5 17. Rxf5 Nf6 18. Nxc8+ Raxc8 19. exf6+ gxf6 20. Rxd5
Rhg8 21. Qd7+ 1-0

[Event "V. Solinger Karnevals-Open"]
[Site "Solingen"]
[Date "2014.03.01"]
[Round "2.23"]
[White "Nagel, Bernhard"]
[Black "Lehmann, Tornalf"]
[Result "1-0"]
[WhiteElo "2191"]
[BlackElo "1645"]
[PlyCount "49"]
[EventDate "2014.??.??"]
[WhiteTeam "Wiesbadener SV 1885"]
[BlackTeam "SC Heilsbronn 1951 e.V."]

1. Nf3 Nf6 2. c4 e6 3. Nc3 c5 4. g3 d5 5. cxd5 exd5 6. d4 c4 7. Bg2 Nc6 8. O-O
Be7 9. Ne5 O-O 10. Bg5 Be6 11. e3 h6 12. Bxf6 Bxf6 13. f4 Bxe5 14. fxe5 a6 15.
e4 Ne7 16. Qf3 dxe4 17. Qxe4 b5 18. d5 b4 19. dxe6 bxc3 20. exf7+ Kh8 21. bxc3
Qb6+ 22. Kh1 Rad8 23. Qxc4 Rc8 24. Qd4 Qb2 25. Qb4 1-0

[Event "V. Solinger Karnevals-Open"]
[Site "Solingen"]
[Date "2014.03.01"]
[Round "2.24"]
[White "Vogt, Thomas"]
[Black "Vishanji, Franz"]
[Result "1-0"]
[WhiteElo "2139"]
[BlackElo "1616"]
[PlyCount "47"]
[EventDate "2014.??.??"]
[WhiteTeam "SVigung Düren 13 Deric"]
[BlackTeam "SV Turm Drolshagen 04"]

1. c4 e6 2. Nf3 Nf6 3. g3 b6 4. Bg2 Bb7 5. O-O d5 6. Ne5 Nbd7 7. d4 c5 8. e3
Rc8 9. Nc3 Ba6 10. Qa4 Bxc4 11. Nxc4 cxd4 12. Nxd5 exd5 13. Ne5 Qc7 14. exd4
Bd6 15. Bf4 O-O 16. Rac1 Qb8 17. Nxd7 Rxc1 18. Nxf6+ gxf6 19. Bxc1 b5 20. Qd1
Rd8 21. Bh6 Bf8 22. Qg4+ Kh8 23. Bxf8 Rxf8 24. Qf5 1-0

[Event "V. Solinger Karnevals-Open"]
[Site "Solingen"]
[Date "2014.03.01"]
[Round "2.26"]
[White "Bosbach, Jens"]
[Black "Breuer, Leon"]
[Result "1-0"]
[WhiteElo "2021"]
[BlackElo "1485"]
[PlyCount "73"]
[EventDate "2014.??.??"]
[WhiteTeam "Langenfelder SF 1933"]
[BlackTeam "SK Xanten e.V."]

1. d4 d5 2. Nf3 Nf6 3. e3 e6 4. Nbd2 Bd6 5. Bd3 O-O 6. b3 c6 7. Bb2 Qc7 8. Ne5
c5 9. f4 Nbd7 10. Qh5 Nb6 11. Qh3 Be7 12. O-O Nbd7 13. Nxd7 Bxd7 14. dxc5 h6
15. b4 e5 16. Bxe5 Qc6 17. Qg3 a5 18. c3 b6 19. cxb6 axb4 20. cxb4 Bxb4 21. b7
Rae8 22. Rfd1 Qb6 23. Rab1 Nh5 24. Qf2 Qa5 25. Nb3 Qa7 26. b8=Q Rxb8 27. Bxb8
Rxb8 28. Nd4 Qa3 29. Qe2 Nf6 30. Nc2 Qa5 31. Nxb4 Rxb4 32. Rxb4 Qxb4 33. Rb1
Qd6 34. Qb2 g6 35. Qb8+ Qxb8 36. Rxb8+ Kg7 37. Bb5 1-0

[Event "V. Solinger Karnevals-Open"]
[Site "Solingen"]
[Date "2014.03.01"]
[Round "2.27"]
[White "Luig, Benjamin"]
[Black "Esser, Thomas"]
[Result "0-1"]
[WhiteElo "1877"]
[BlackElo "1984"]
[PlyCount "50"]
[EventDate "2014.??.??"]
[WhiteTeam "Post-Telekom SV 1925 Aachen e.V."]
[BlackTeam "SV Horrem 1948"]

1. d4 Nf6 2. c4 e6 3. Nc3 Bb4 4. Qc2 O-O 5. Nf3 c5 6. a3 Bxc3+ 7. Qxc3 cxd4 8.
Nxd4 d5 9. Bg5 e5 10. Nc2 d4 11. Qf3 Be6 12. Bxf6 gxf6 13. Rd1 Bxc4 14. e3 Bxf1
15. Rxf1 Nc6 16. exd4 exd4 17. Nxd4 Re8+ 18. Ne2 Qa5+ 19. Qc3 Qb5 20. Rd3 Ne5
21. Rg3+ Kh8 22. f4 Rac8 23. Qb3 Rc1+ 24. Kf2 Ng4+ 25. Rxg4 Qxe2+ 0-1

[Event "V. Solinger Karnevals-Open"]
[Site "Solingen"]
[Date "2014.03.01"]
[Round "2.28"]
[White "Chittka, Julius"]
[Black "Theysen, Jens"]
[Result "1-0"]
[WhiteElo "1967"]
[BlackElo "1439"]
[PlyCount "73"]
[EventDate "2014.??.??"]
[WhiteTeam "Verein f. Sport u. Freizeit v. 1"]
[BlackTeam "vereinslos"]

1. d4 c6 2. c4 d5 3. Nc3 Nf6 4. Nf3 e6 5. Bg5 c5 6. e3 Nc6 7. cxd5 exd5 8. dxc5
Be6 9. Bb5 Bxc5 10. Nd4 Bxd4 11. Qxd4 O-O 12. Qh4 Ne5 13. O-O a6 14. Be2 Ng6
15. Qd4 Rc8 16. f4 Bf5 17. Bxf6 Qxf6 18. Qxf6 gxf6 19. Nxd5 Kg7 20. Nc3 Rfe8
21. g4 Bd7 22. Kf2 Bc6 23. Bf3 Bxf3 24. Kxf3 Rcd8 25. Rad1 Ne7 26. Rxd8 Rxd8
27. Rd1 Rxd1 28. Nxd1 f5 29. gxf5 Nxf5 30. Nc3 Nd6 31. e4 f5 32. e5 Nc8 33. Ke3
Kf7 34. Kd4 Ne7 35. Kc5 Ke6 36. Ne2 Nd5 37. Nd4+ 1-0

[Event "V. Solinger Karnevals-Open"]
[Site "Solingen"]
[Date "2014.03.01"]
[Round "2.29"]
[White "Kaplun, David"]
[Black "Bussard, Achim"]
[Result "1/2-1/2"]
[WhiteElo "1796"]
[BlackElo "1792"]
[PlyCount "118"]
[EventDate "2014.??.??"]
[WhiteTeam "Düsseldorfer SK 14/25 e."]
[BlackTeam "SG Niederkassel"]

1. d4 d5 2. c4 c6 3. cxd5 cxd5 4. Nc3 Nf6 5. Nf3 g6 6. Bf4 Nc6 7. e3 Bg7 8. h3
O-O 9. Bd3 a6 10. O-O b5 11. a3 Re8 12. Rc1 Bb7 13. Qd2 Rc8 14. Ne5 Nxe5 15.
Bxe5 Nd7 16. Bxg7 Kxg7 17. Be2 Nf6 18. Rc2 Qb6 19. Rfc1 e6 20. Na2 Rxc2 21.
Rxc2 Rc8 22. Rxc8 Bxc8 23. Qc1 Bb7 24. Nb4 Nd7 25. Qc3 Nb8 26. Nd3 Qc6 27. Nc5
Nd7 28. Nxd7 Qxd7 29. b4 Qc6 30. Qc5 Qxc5 31. bxc5 Bc6 32. Kf1 a5 33. Ke1 f5
34. f4 Kf6 35. Kd2 h5 36. g4 hxg4 37. hxg4 g5 38. fxg5+ Kxg5 39. gxf5 Kxf5 40.
Bd3+ Kf6 41. Kc3 e5 42. dxe5+ Kxe5 43. Bc2 Bd7 44. Bg6 Bc6 45. Kd3 Kf6 46. Bh7
Kg7 47. Bf5 Kf6 48. Bh3 Ke5 49. Bg2 Bb7 50. Kc3 Bc6 51. Kd2 Kf6 52. Bf1 Ke5 53.
Bd3 Bd7 54. Kc3 Bc6 55. Bc2 Bd7 56. Kb3 Bc6 57. a4 bxa4+ 58. Ka3 d4 59. exd4+
Kxd4 1/2-1/2

[Event "V. Solinger Karnevals-Open"]
[Site "Solingen"]
[Date "2014.03.01"]
[Round "2.30"]
[White "Botvinnik, Alexander"]
[Black "Runte, Dirk"]
[Result "0-1"]
[WhiteElo "1579"]
[BlackElo "1776"]
[PlyCount "56"]
[EventDate "2014.??.??"]
[WhiteTeam "Düsseldorfer SK 14/25 e."]
[BlackTeam "SV Fideler Bauer Lever"]

1. e4 c5 2. Nf3 Nc6 3. Nc3 g6 4. Bc4 Bg7 5. O-O Nf6 6. Re1 O-O 7. d3 d6 8. h3
a6 9. a3 b5 10. Bd5 Bb7 11. Bxc6 Bxc6 12. e5 dxe5 13. Nxe5 Bb7 14. Bd2 Nd5 15.
Qc1 Nxc3 16. bxc3 Qd5 17. Nf3 Qh5 18. Nh2 Rae8 19. Qd1 Qd5 20. Nf3 e5 21. Qe2
f5 22. Qe3 e4 23. dxe4 fxe4 24. Nh2 Bh6 25. Qxh6 e3 26. Nf3 Rxf3 27. gxf3 Qxf3
28. Kf1 Qxf2# 0-1

[Event "V. Solinger Karnevals-Open"]
[Site "Solingen"]
[Date "2014.03.01"]
[Round "2.31"]
[White "Krieger, Alexander"]
[Black "Winand, Michael"]
[Result "1-0"]
[WhiteElo "1737"]
[BlackElo "1680"]
[PlyCount "80"]
[EventDate "2014.??.??"]
[WhiteTeam "Schach-Klub Tönsberg Oerlinghaus"]
[BlackTeam "Aachener SV 1856 e.V."]

1. e4 e5 2. Nf3 Nc6 3. Bb5 a6 4. Bxc6 dxc6 5. h3 Qd6 6. O-O f6 7. b3 Be6 8. Na3
O-O-O 9. Nc4 Qd7 10. Qe2 g5 11. Nh2 h5 12. a4 Ne7 13. b4 Qd4 14. Nb2 Qxb4 15.
a5 Ng6 16. d3 Be7 17. Na4 Qd6 18. Qe3 Kb8 19. Ba3 Qd4 20. Bc5 Bxc5 21. Nxc5 Bc8
22. Rab1 Ka7 23. Nf3 Qxe3 24. fxe3 b6 25. axb6+ cxb6 26. Na4 b5 27. Nc5 Kb6 28.
d4 g4 29. hxg4 hxg4 30. Nd2 Rhf8 31. c3 f5 32. Nc4+ Kc7 33. exf5 bxc4 34. fxg6
exd4 35. exd4 Rxf1+ 36. Rxf1 Rg8 37. Rf7+ Kd6 38. g7 Be6 39. Rf6 Re8 40. Rxe6+
Rxe6 1-0

[Event "V. Solinger Karnevals-Open"]
[Site "Solingen"]
[Date "2014.03.01"]
[Round "2.32"]
[White "Müller, Adrian"]
[Black "Falge, Rainer"]
[Result "1-0"]
[WhiteElo "1453"]
[BlackElo "1732"]
[PlyCount "59"]
[EventDate "2014.??.??"]
[WhiteTeam "SV Fideler Bauer Lever"]
[BlackTeam "SG Solingen e.V."]

1. e4 d6 2. d4 Nf6 3. Nc3 g6 4. Be3 Bg7 5. f3 O-O 6. Qd2 c6 7. Nge2 e5 8. O-O-O
Be6 9. dxe5 Nfd7 10. exd6 Nb6 11. Nf4 Bxc3 12. Qxc3 N8d7 13. Nxe6 fxe6 14. Bh6
Rf7 15. f4 Nf6 16. Qf3 Qd7 17. e5 Nh5 18. Be2 Nd5 19. g3 b5 20. c4 bxc4 21.
Bxc4 Rc8 22. Rd3 Qe8 23. Kb1 Rb8 24. Bxd5 cxd5 25. Rc1 Rfb7 26. b3 Rb4 27. Rc7
a5 28. d7 Qd8 29. Rdc3 Rxb3+ 30. axb3 1-0

[Event "V. Solinger Karnevals-Open"]
[Site "Solingen"]
[Date "2014.03.01"]
[Round "2.33"]
[White "Peters, Jens"]
[Black "Ehringfeld, Michael"]
[Result "1-0"]
[WhiteElo "1723"]
[BlackElo "1364"]
[PlyCount "127"]
[EventDate "2014.??.??"]
[WhiteTeam "SK Xanten e.V."]
[BlackTeam "SG Solingen e.V."]

1. e4 e6 2. d4 d5 3. exd5 exd5 4. Bd3 Bd6 5. Nc3 Ne7 6. Nge2 Bd7 7. Be3 c6 8.
Qd2 Qc7 9. O-O-O Bf5 10. Rde1 Bxd3 11. Qxd3 Na6 12. Qd2 O-O-O 13. Bg5 h6 14.
Bf4 Rhe8 15. Bxd6 Qxd6 16. Ng3 Nc7 17. Na4 Ng6 18. Qa5 Qf4+ 19. Qd2 Qxd2+ 20.
Kxd2 Nf4 21. Nf5 Nfe6 22. Nc5 b6 23. Nd3 f6 24. c3 Kd7 25. Re3 Rg8 26. Rhe1 h5
27. b3 g6 28. Nh4 Rde8 29. Rf3 Ng5 30. Rfe3 Ne4+ 31. Kc2 Nb5 32. a4 Nbd6 33. f3
g5 34. fxe4 gxh4 35. Nf4 Nxe4 36. c4 Rg4 37. g3 f5 38. Nxh5 hxg3 39. hxg3 Rh8
40. Rh1 Ke7 41. Ree1 Kf7 42. Ref1 Rg5 43. g4 Rxg4 44. Rxf5+ Kg6 45. Re5 Rg2+
46. Kd3 Nf2+ 47. Ke3 Nxh1 48. Nf4+ Kf7 49. Rf5+ Ke8 50. Nxg2 Ng3 51. Re5+ Kd7
52. cxd5 Kd6 53. Nf4 Rh1 54. Re6+ Kd7 55. dxc6+ Kd8 56. d5 Re1+ 57. Kf2 Rb1 58.
Kxg3 Rxb3+ 59. Kf2 Rb4 60. Ke3 Rxa4 61. d6 Ra3+ 62. Kd2 Ra4 63. Rf6 Ke8 64. d7+
1-0

[Event "V. Solinger Karnevals-Open"]
[Site "Solingen"]
[Date "2014.03.01"]
[Round "2.34"]
[White "Fodor, Bernhard"]
[Black "Nink, Niklas"]
[Result "1/2-1/2"]
[WhiteElo "1363"]
[BlackElo "1720"]
[PlyCount "74"]
[EventDate "2014.??.??"]
[WhiteTeam "SG Solingen e.V."]
[BlackTeam "SG Solingen e.V."]

1. f4 d5 2. Nf3 c5 3. g3 Nf6 4. d3 Nc6 5. Bg2 Bd7 6. O-O Qc7 7. Nbd2 Ng4 8. Nb3
e5 9. fxe5 Ncxe5 10. Bf4 Bd6 11. Ng5 f6 12. Nh3 g5 13. Bd2 Be6 14. e4 d4 15.
Bxg5 fxg5 16. Nxg5 Bd7 17. h3 Ne3 18. Qh5+ Ng6 19. Rf7 O-O-O 20. Ne6 Bxe6 21.
Rxc7+ Kxc7 22. Nxc5 Bc8 23. Nb3 Rdg8 24. Nxd4 Nxg2 25. Qa5+ Kb8 26. Nb5 Bc5+
27. d4 Bb6 28. Qc3 N2f4 29. Kh2 Nxh3 30. Rf1 h5 31. Rf6 Rg7 32. Rxb6 axb6 33.
Qa3 Bg4 34. Qd6+ Ka8 35. Qa3+ Kb8 36. Qd6+ Ka8 37. Qa3+ Kb8 1/2-1/2

[Event "V. Solinger Karnevals-Open"]
[Site "Solingen"]
[Date "2014.03.01"]
[Round "2.35"]
[White "Günaydin, Alperen"]
[Black "Kunisch, Nina"]
[Result "0-1"]
[WhiteElo "1708"]
[BlackElo "1121"]
[PlyCount "62"]
[EventDate "2014.??.??"]
[WhiteTeam "OSC Rheinhausen 04 e.V."]
[BlackTeam "TV-Großostheim 1900 e.V."]

1. d4 Nf6 2. c4 g6 3. Nc3 Bg7 4. e4 d6 5. Be2 O-O 6. Nf3 c5 7. d5 e6 8. O-O
exd5 9. cxd5 Re8 10. Nd2 Nbd7 11. Qc2 Ne5 12. f4 Neg4 13. Nf3 Nd7 14. h3 Bd4+
15. Nxd4 cxd4 16. Bxg4 dxc3 17. bxc3 Nf6 18. Bf3 Qb6+ 19. Kh2 Qb5 20. c4 Qb6
21. Rb1 Qd8 22. Bb2 b6 23. Qc3 Kg7 24. e5 dxe5 25. fxe5 Ng8 26. e6+ f6 27. g4
Qd6+ 28. Kg2 Qf4 29. d6 Rxe6 30. Bxa8 Re2+ 31. Kg1 Qh2# 0-1

[Event "V. Solinger Karnevals-Open"]
[Site "Solingen"]
[Date "2014.03.01"]
[Round "2.36"]
[White "Rieger, Isabelle"]
[Black "Muschallik, Sven"]
[Result "1-0"]
[WhiteElo "1692"]
[BlackElo "1099"]
[PlyCount "67"]
[EventDate "2014.??.??"]
[WhiteTeam "SV Fideler Bauer Lever"]
[BlackTeam "SG Solingen e.V."]

1. d4 d5 2. Nf3 Bf5 3. g3 Nf6 4. Bg2 c6 5. O-O e6 6. c4 Bd6 7. Nc3 O-O 8. Nd2
Bg6 9. e4 Bb4 10. Re1 Qa5 11. Nb3 Bh5 12. Qd2 Bxc3 13. Nxa5 Bxd2 14. Bxd2 b6
15. Nb7 dxc4 16. Bb4 Rc8 17. Nd6 Rd8 18. e5 Nd5 19. Bd2 b5 20. Rac1 f6 21. b3
cxb3 22. axb3 a5 23. Bxa5 Rd7 24. Bd2 Ra3 25. Bh3 Bf7 26. Ra1 Rxb3 27. Ra8 Rd8
28. Rea1 Nc7 29. R8a7 Nba6 30. Ba5 Rd7 31. Bxc7 Nxc7 32. Rxc7 Rxc7 33. Ra8+ Be8
34. Rxe8# 1-0

[Event "V. Solinger Karnevals-Open"]
[Site "Solingen"]
[Date "2014.03.01"]
[Round "3.1"]
[White "Heinert, Eugen"]
[Black "Inkiov, Ventzislav"]
[Result "0-1"]
[WhiteElo "2169"]
[BlackElo "2419"]
[PlyCount "116"]
[EventDate "2014.??.??"]
[WhiteTeam "OSC Rheinhausen 04 e.V."]

1. d4 Nf6 2. Nf3 e6 3. c4 d5 4. Nc3 Bb4 5. cxd5 exd5 6. Bg5 Nbd7 7. e3 c5 8.
Be2 Qa5 9. O-O Bxc3 10. bxc3 c4 11. Bxf6 Nxf6 12. Qc2 Ne4 13. Rfc1 Nd6 14. Nd2
Bf5 15. Qb2 O-O 16. Bf3 Rfe8 17. a3 Be4 18. Qb4 Qxb4 19. axb4 Bxf3 20. gxf3 b6
21. Ra6 Nb5 22. Nb1 f5 23. Re1 Nc7 24. Ra2 a5 25. Rb2 axb4 26. Rxb4 b5 27. Rb2
Ra1 28. Rbe2 Kf7 29. Kf1 g5 30. e4 fxe4 31. fxe4 Rxe4 32. Rxe4 dxe4 33. Nd2
Rxe1+ 34. Kxe1 Ke6 35. Nxe4 h6 36. Ke2 Kf5 37. Nd6+ Kg4 38. Nf7 h5 39. h3+ Kxh3
40. Nxg5+ Kg4 41. Ne4 h4 42. Nd6 h3 43. Kf1 Kf3 44. Kg1 b4 45. Nxc4 bxc3 46.
Na3 Nb5 47. Nc2 Ke4 48. d5 Kxd5 49. Kh2 Nd4 50. Ne3+ Ke4 51. Kxh3 Kf3 52. Kh2
Ne2 53. Kh1 Nf4 54. Kg1 Nd5 55. Nc2 Ke2 56. Kg2 Kd2 57. Na3 Kd3 58. Kf1 Nc7 0-1

[Event "V. Solinger Karnevals-Open"]
[Site "Solingen"]
[Date "2014.03.01"]
[Round "3.2"]
[White "Schleining, Zoya"]
[Black "Flesch, Dr. Stefan"]
[Result "1/2-1/2"]
[WhiteElo "2362"]
[BlackElo "2106"]
[PlyCount "41"]
[EventDate "2014.??.??"]
[WhiteTeam "Düsseldorfer SK 14/25 e."]
[BlackTeam "Düsseldorfer SK 14/25 e."]

1. d4 g6 2. e4 Bg7 3. Nf3 d6 4. Be3 e5 5. dxe5 dxe5 6. Qxd8+ Kxd8 7. Ng5 Nh6 8.
Bc4 f6 9. Ne6+ Bxe6 10. Bxe6 Ke7 11. Bh3 Rd8 12. Na3 a6 13. Nc4 Nc6 14. Bc5+
Ke8 15. Ne3 b6 16. Ba3 Nd4 17. Rd1 Nf7 18. g3 Ng5 19. Bg2 Ndf3+ 20. Ke2 Nd4+
21. Kf1 1/2-1/2

[Event "V. Solinger Karnevals-Open"]
[Site "Solingen"]
[Date "2014.03.01"]
[Round "3.3"]
[White "Naundorf, Maik"]
[Black "Berg, Michael"]
[Result "1/2-1/2"]
[WhiteElo "2130"]
[BlackElo "2303"]
[PlyCount "35"]
[EventDate "2014.??.??"]
[WhiteTeam "SK Königsspringer Iserlo"]
[BlackTeam "SG Solingen e.V."]

1. c4 Nf6 2. g3 g6 3. Bg2 Bg7 4. Nc3 d6 5. e4 c5 6. Nge2 Nc6 7. O-O O-O 8. d3
Ne8 9. Be3 Nd4 10. Rb1 Rb8 11. b4 Nc7 12. Qd2 Bh3 13. Bxd4 cxd4 14. Bxh3 dxc3
15. Nxc3 Ne6 16. Ne2 Nd4 17. Nxd4 Bxd4 18. a4 1/2-1/2

[Event "V. Solinger Karnevals-Open"]
[Site "Solingen"]
[Date "2014.03.01"]
[Round "3.4"]
[White "Marcziter, Dmitrii"]
[Black "Kolthoff, Siegmund"]
[Result "1-0"]
[WhiteElo "2277"]
[BlackElo "2087"]
[PlyCount "69"]
[EventDate "2014.??.??"]
[WhiteTeam "DJK Aufwärts St. Josef Aachen 19"]
[BlackTeam "Blau-Weiss Buchholz"]

1. d4 Nf6 2. Nf3 g6 3. c4 Bg7 4. g3 O-O 5. Bg2 d5 6. cxd5 Nxd5 7. O-O Nc6 8.
Nc3 Nb6 9. e3 Re8 10. d5 Na5 11. Nd4 Bd7 12. Qe2 Qc8 13. Rd1 c5 14. dxc6 Nxc6
15. Nxc6 Bxc6 16. e4 Qe6 17. Be3 Red8 18. Rac1 Rd6 19. Bc5 Rxd1+ 20. Rxd1 Na4
21. Nxa4 Bxa4 22. b3 Bc6 23. f4 b6 24. Ba3 Bf8 25. Qd3 Qc8 26. Rc1 Qe8 27. Bb2
Rc8 28. Qc3 f6 29. Bh3 Rc7 30. Be6+ Kg7 31. Bd5 Bxd5 32. Qxc7 Bxe4 33. Bxf6+
Kxf6 34. Qe5+ Kf7 35. Qxe4 1-0

[Event "V. Solinger Karnevals-Open"]
[Site "Solingen"]
[Date "2014.03.01"]
[Round "3.5"]
[White "Lindam, Ingo"]
[Black "Peters, Alex"]
[Result "0-1"]
[WhiteElo "2048"]
[BlackElo "2212"]
[PlyCount "137"]
[EventDate "2014.??.??"]
[WhiteTeam "Kölner SK Dr. Lasker 186"]
[BlackTeam "Brühler SK 1920 e.V."]

1. d4 Nf6 2. Bg5 e6 3. Nf3 Be7 4. Nbd2 d5 5. e3 Nbd7 6. Bd3 O-O 7. c3 b6 8. Ne5
Nxe5 9. dxe5 Nd7 10. Bf4 Nc5 11. Bc2 Ba6 12. Nf3 Ne4 13. Qb1 Qd7 14. Bxe4 dxe4
15. Qxe4 Rfd8 16. Qc2 Qd5 17. e4 Qc6 18. Nd2 Bd3 19. Qb3 Bxe4 20. f3 Bd3 21. h4
Rd5 22. Kf2 Rb5 23. Qa4 Qc5+ 24. Be3 Qxe5 25. Nb3 Bc2 26. Bd4 Qf5 27. Rac1 Bxb3
28. axb3 Qd5 29. b4 Bxb4 30. Rhd1 Bc5 31. b4 Bxd4+ 32. Rxd4 Qh5 33. c4 Rf5 34.
Rcd1 Rf8 35. Qc6 e5 36. Re4 Rf4 37. Kg1 Qxh4 38. Rxf4 Qxf4 39. Qxc7 Qe3+ 40.
Kf1 Qb3 41. Rd8 Qxb4 42. Rxf8+ Qxf8 43. Qxa7 Qd8 44. Ke2 g6 45. c5 bxc5 46.
Qxc5 Qd4 47. Qc2 Kg7 48. g4 h5 49. gxh5 gxh5 50. Qf5 h4 51. Qg5+ Kf8 52. Qh6+
Ke7 53. Qg5+ Ke6 54. Qh6+ f6 55. Qh8 Qb2+ 56. Ke3 Qc1+ 57. Ke2 Qc2+ 58. Ke3
Qc1+ 59. Ke2 Qg5 60. Qc8+ Kf7 61. Qd7+ Kg6 62. Qe8+ Kf5 63. Qd7+ Kf4 64. Qd2+
Kg3 65. Qe1+ Kh2 66. Kd3 h3 67. Qe2+ Qg2 68. Qe3 Kg3 69. Ke4 0-1

[Event "V. Solinger Karnevals-Open"]
[Site "Solingen"]
[Date "2014.03.01"]
[Round "3.6"]
[White "Mladenov, Svetlin"]
[Black "Rofalski, Stefan"]
[Result "1-0"]
[WhiteElo "2471"]
[BlackElo "1823"]
[PlyCount "65"]
[EventDate "2014.??.??"]
[WhiteTeam "SV Wattenscheid 1930"]
[BlackTeam "Rheydter SV 1920"]

1. e4 e6 2. d4 d5 3. Nd2 c5 4. exd5 Qxd5 5. Ngf3 cxd4 6. Bc4 Qd6 7. O-O Nf6 8.
Nb3 Nc6 9. Qe2 a6 10. Re1 b5 11. Bd3 Bb7 12. Bg5 Be7 13. Rad1 O-O 14. c3 Rfd8
15. cxd4 Nb4 16. Bb1 Rac8 17. Nc5 Ba8 18. a3 Nbd5 19. Ne5 h6 20. Bd2 Qb6 21. b4
Bd6 22. Qd3 Ne7 23. Qg3 Kf8 24. Qh3 Bxe5 25. dxe5 Nd7 26. Bxh6 Nxe5 27. Bxg7+
Kxg7 28. Qh7+ Kf6 29. Qh4+ Kg7 30. Qxe7 Rxd1 31. Rxd1 Ng6 32. Bxg6 Kxg6 33. Rd3
1-0

[Event "V. Solinger Karnevals-Open"]
[Site "Solingen"]
[Date "2014.03.01"]
[Round "3.7"]
[White "Pröttel, Swen"]
[Black "Hoffmann, Frank"]
[Result "1-0"]
[WhiteElo "2207"]
[BlackElo "1843"]
[PlyCount "33"]
[EventDate "2014.??.??"]
[WhiteTeam "OSC Rheinhausen 04 e.V."]
[BlackTeam "SV Springer 70 Hitdorf"]

1. e4 e6 2. d4 d5 3. Nd2 dxe4 4. Nxe4 Bd7 5. Nf3 Bc6 6. Bd3 Bxe4 7. Bxe4 c6 8.
O-O Nf6 9. Bd3 Bd6 10. c3 Qc7 11. Qe2 Nbd7 12. Re1 O-O 13. Ne5 Rfe8 14. Bg5 Be7
15. Nxf7 Kxf7 16. Qxe6+ Kf8 17. Bc4 1-0

[Event "V. Solinger Karnevals-Open"]
[Site "Solingen"]
[Date "2014.03.01"]
[Round "3.8"]
[White "Kissing, Bastian"]
[Black "Klamp, Christoph"]
[Result "1/2-1/2"]
[WhiteElo "1563"]
[BlackElo "2064"]
[PlyCount "59"]
[EventDate "2014.??.??"]
[WhiteTeam "SC Tornado Wuppertal 199"]
[BlackTeam "SV Schachforum Darmstadt 1994"]

1. e4 c5 2. Nf3 d6 3. d4 cxd4 4. Nxd4 Nf6 5. Nc3 a6 6. Be3 e5 7. Nb3 Be6 8. f3
Be7 9. Qd2 Nbd7 10. O-O-O Rc8 11. g4 Nb6 12. g5 Nh5 13. Kb1 O-O 14. Nd5 Nxd5
15. exd5 Bf5 16. Rc1 Nf4 17. Bxf4 exf4 18. Nd4 Bd7 19. h4 f6 20. g6 hxg6 21.
Ne6 Bxe6 22. dxe6 Rc5 23. Bd3 f5 24. Qxf4 Qb6 25. c3 Rfc8 26. Qg3 Rxc3 27. Rxc3
Rxc3 28. Qxg6 Rxd3 29. Qf7+ Kh8 30. Qh5+ 1/2-1/2

[Event "V. Solinger Karnevals-Open"]
[Site "Solingen"]
[Date "2014.03.01"]
[Round "3.9"]
[White "Richters, Marc"]
[Black "Vranidis, Athanassios"]
[Result "1/2-1/2"]
[WhiteElo "2062"]
[BlackElo "1883"]
[PlyCount "49"]
[EventDate "2014.??.??"]
[WhiteTeam "Kettwiger SG 194"]
[BlackTeam "SG Solingen e.V."]

1. e4 c5 2. c3 Nf6 3. e5 Nd5 4. d4 cxd4 5. Nf3 d6 6. cxd4 Nc6 7. Nc3 Nxc3 8.
bxc3 dxe5 9. d5 e4 10. Ng5 Ne5 11. Nxe4 g6 12. Be2 Bf5 13. Ng3 Qc8 14. Nxf5
Qxf5 15. O-O h5 16. f4 Nd7 17. g4 Qf6 18. Be3 Qd6 19. Bd4 Rg8 20. g5 Bg7 21. h4
Bxd4+ 22. Qxd4 Qc5 23. Qxc5 Nxc5 24. f5 Ne4 25. fxg6 1/2-1/2